Preẏasī. (Record no. 82269)

MARC details
000 -LEADER
fixed length control field 00580cam a22002411 4500
001 - CONTROL NUMBER
control field sa 68008146
003 - CONTROL NUMBER IDENTIFIER
control field DLC
005 - DATE AND TIME OF LATEST TRANSACTION
control field 20260227112529.0
008 - FIXED-LENGTH DATA ELEMENTS--GENERAL INFORMATION
fixed length control field 941013s1968 ii 000 1 beno
010 ## - LIBRARY OF CONGRESS CONTROL NUMBER
LC control number sa 68008146
025 ## - OVERSEAS ACQUISITION NUMBER
Overseas acquisition number PL480:I-B-3458
035 ## - SYSTEM CONTROL NUMBER
System control number (OCoLC)31279466
040 ## - CATALOGING SOURCE
Original cataloging agency DLC
Transcribing agency CU
Modifying agency CU
-- DLC
042 ## - AUTHENTICATION CODE
Authentication code premarc
050 00 - LIBRARY OF CONGRESS CALL NUMBER
Classification number PK1718.M7918
Item number P7
100 1# - MAIN ENTRY--PERSONAL NAME
Personal name Mukherji, Saurindramohan,
Dates associated with a name 1884-
245 10 - TITLE STATEMENT
Title Preẏasī.
260 ## - PUBLICATION, DISTRIBUTION, ETC.
Date of publication, distribution, etc. [1968]
300 ## - PHYSICAL DESCRIPTION
Extent 127 p.
Dimensions 23 cm.
490 0# - SERIES STATEMENT
Series statement Yautuka sirija.
Volume/sequential designation 13
500 ## - GENERAL NOTE
General note In Bengali.
500 ## - GENERAL NOTE
General note A novel.

No items available.

Powered by Koha